000 00380pam a2200157a 44500
008 230515b2009 xxu||||| |||| 00| 0 eng d
020 _aNULL
041 _aENGLISH
082 _a4.16
100 _aGAONKAR RAMESH
245 _aMICROCOMPUTER ARCHITECTURE PROGRAMMING & APPLICATION WITH THE 8085
250 _a5
260 _aNULL
_bNA
_c2009
300 _a813
650 _aNULL
999 _c636974
_d636974